banner-ar

Protecting pharaoh's treasures : (Record no. 64273)

MARC details
000 -الفاتح
حقل البيانات ثابتة الطول 01603cam a2200385 i 4500
005 - وقت وتاريخ اخر تعامل مع التسجيلة
رقم الضبط 20240530110723.0
008 - عناصر البيانات ثابتة الطول - معلومات عامة
حقل البيانات ثابتة الطول 170707s2017 ua abf f 001 0aeng d
020 ## - الرقم الدولى المعيارى للكتب
الرقم الدولى المعيارى للكتاب 9789774168253
040 ## - مصدر الفهرسة
وكالة الفهرسة الأصلية EG-CaGPL
وكالة النسخ EG-CaGPL
041 1# - رمز اللغة
رمز لغة النص/ المسارات الصوتية أو العنوان الانفرادي eng
رمز لغة الترجمات و/او الاصلية المتوسطة للنص ger
082 04 - رقم تصنيف ديوى العشرى
رقم التصنيف 932 /
رقم المادة CC/W P
رقم الطبعة 21
100 1# - المدخل الرئيسى - إسم شخصى
الإسم الشخصى Wafaa El-Sadeek
الدور author.
240 10 - العنوان الموحد
عنوان موحد Es gibt nur den geraden Weg.
لغة العمل English
245 10 - بيان العنوان
العنوان Protecting pharaoh's treasures :
بقية العنوان my life in Egyptology /
بيان المسئوليه,etc Wafaa El Saddik ; with Rüdiger Heimlich ; [translated by Russell Stockman].
260 ## - PUBLICATION, DISTRIBUTION, ETC. (IMPRINT)
تاريخ النشر أو التوزيع 2017.
300 ## - الوصف المادى
التعداد xiv, 231 pages, 32 unnumbered pages of plates :
تفاصيل ماديه اخرى للوعاء illustrations, maps ;
أبعاد الوعاء 24 cm
500 ## - تبصرة عامة
تبصرة عامة Translation of: Es gibt nur den geraden Weg : Mein Leben als Schatzhüterin Ägyptens.
500 ## - تبصرة عامة
تبصرة عامة Includes index.
600 10 - المدخل الاضافى بالموضوع-اسم شخصى
الإسم الشخصى El-Sadeek, Wafaa.
600 17 - المدخل الاضافى بالموضوع-اسم شخصى
الإسم الشخصى Saddik, Wafaa el-
التواريخ المصاحبة للاسم 1950-
مصدر الرأس أو المصطلح gnd
610 27 - المدخل الاضافى بالموضوع-اسم هيئة
اسم الهيئة أو اسم السلطة كمدخل Ägyptisches Museum Kairo
مصدر الرأس أو المصطلح gnd
650 07 - المدخل الاضافى بالموضوع-مصطلح موضوعى
مصطلح موضوعي Museum curators
التقسيم الفرعي الجغرافي Egypt
التقسيم الفرعي الشكلي Biography.
مصدر الرأس أو المصطلح qrmak
650 07 - المدخل الاضافى بالموضوع-مصطلح موضوعى
مصطلح موضوعي Egyptologists
التقسيم الفرعي الجغرافي Egypt
التقسيم الفرعي الشكلي Biography.
مصدر الرأس أو المصطلح qrmak
653 #1 - مصطلح تكشيفى غير مقيد
مصطلح غير مقيد (lcsh)El-Sadeek, Wafaa.
653 #1 - مصطلح تكشيفى غير مقيد
مصطلح غير مقيد (lcsh)Museum curators--Egypt--Biography.
653 #1 - مصطلح تكشيفى غير مقيد
مصطلح غير مقيد (lcsh)Egyptologists--Egypt--Biography.
700 1# - المدخل الاضافى - اسم شخصى
الإسم الشخصى Heimlich, Rüdiger,
الدور assistant author.
700 1# - المدخل الاضافى - اسم شخصى
الإسم الشخصى Stockman, Russell,
الدور translator.
942 ## - عناصر المدخل الإضافي( كوها)
مصدر التصنيف او مخطط الترفيف Dewey Decimal Classification
Koha [default] item type كتاب
260 ## - PUBLICATION, DISTRIBUTION, ETC. (IMPRINT)
-- :Cairo
-- The American University in Cairo Press,
546 ## - تبصرة اللغة
تبصرة اللغة Translated from the German.
856 42 - الوصول و الموقع الالكترونى
معرف المصدر الموحد http://d-nb.info/1132139546/04
مواد محددة Inhaltsverzeichnis
906 ## - عنصر بيانات محلى F, LDF (RLIN)
a 7
b cbc
c copycat
d 2
e ncip
f 20
g y-gencatlg
Holdings
حالة التراجع حالة الفقد حالة تلف ليس للاعارة المكان المؤقت الموقع الحالى موقع الترفيف تاريخ الاكتساب اجمالي اﻻعارات رقم الطلب الباركود تاريخ اخر مشاهدة تاريخ تفعيل السعر نوع وعاء كوها
        مكتبة القاهرة الكبرى مكتبة القاهرة الكبرى   04/05/2018   932 / CC/W P 164433 04/05/2018 04/05/2018 كتاب

Powered By

EGPV